ბათუმის შოთა რუსთაველის სახელმწიფო უნივერსიტეტის ბიბლიოთეკა

შესავალი კრიმინოლოგიაში : (ბიბ.ჩანაწერი № 51501)

000 -ლიდერი
ფიქსირებული სიგრძის საკონტროლო ველი 01240nam a2200253Ia 4500
001 - საკონტროლო ნომერი
საკონტროლო ველი 18490
003 - საკონტროლო ნომრის იდენტიფიკატორი
საკონტროლო ველი GE_BSU
005 - ბოლო ოპერაციის თარიღი და დრო
საკონტროლო ველი 20200407181959.0
008 - ფიქსირებული სიგრძის მონაცემთა ელემენტები - ზოგადი ინფორმაცია
ფიქსირებული სიგრძის საკონტროლო ველი 181216s2011ge xx |||||||||||||| ||geo||
020 ## - წიგნის საერთაშორისო სტანდარტული ნომერი
International Standard Book Number 978-9941-14-911-5,
040 ## - კატალოგიზაციის წყარო
Transcribing agency GE_BSU
041 ## - ენის კოდი
Language code of text/sound track or separate title geo
080 ## - უნივერსალური ათობითი კლასიფიკაციის ინდექსი
Universal Decimal Classification number 343.9(075.8) გ-12
100 ## - მთავარი ჩანაწერი - პიროვნების სახელი
Personal name გაბუნია, მიხეილ
9 (RLIN) 7865
245 ## - ცნობა სათაურის შესახებ
Title შესავალი კრიმინოლოგიაში :
Remainder of title სახელმძღვ. /
Statement of responsibility, etc მიხეილ გაბუნია ; მთ. რედ. ჯემალ გახოკიძე .
264 ## - წარმოების, გამოცემის, დისტრიბუციის და სხვა ცნობები
გამოცემის, წარმოების, დისტრიბუციის... ადგილი თბილისი :
გამოცემის, წარმოების, დისტრიბუციის... სახელწოდება ტექნ. უნ-ტი,
გამოცემის, წარმოების, დისტრიბუციის... თარიღი 2011.
300 ## - ფიზიკური აღწერა
Extent 168გვ..:
Dimensions 20 სმ..
504 ## - BIBLIOGRAPHY, ETC. NOTE
Bibliography, etc ბიბლიოგრ. ტექსტ. შენიშვნ. და გვ. 163-167.
653 ## - INDEX TERM--UNCONTROLLED
Uncontrolled term კრიმინოლოგია
653 ## - INDEX TERM--UNCONTROLLED
Uncontrolled term კრიმინოლოგია - სახელმძღვანელოები უმაღლესი სასწავლებლებისათვის;
653 ## - INDEX TERM--UNCONTROLLED
Uncontrolled term სამართალი
700 ## - ADDED ENTRY--PERSONAL NAME
Personal name გახოკიძე, ჯემალ
Relator term მთავარი რედაქტორი
9 (RLIN) 7866
942 ## - ADDED ENTRY ELEMENTS (KOHA)
Koha item type წიგნი
Source of classification or shelving scheme
ეგზემპლარები
ჩამოწერის სტატუსი დაკარგული ეგზემპლარის სტატუსი კლასიფიკაციის წყარო ან თაროზე გაწყობის სქემა დაზიანების სტატუსი არ გაიცემა მუდმივი მდებარეობა (დაცვის ადგილი) ამჟამინდელი ადგილსამყოფელი თაროზე განთავსების ადგილი შეძენის თარიღი ღირებულება, შესყიდვის ნორმალური ფასი სრული შენახვის შიფრი შტრიხკოდი ბოლო ოპერაციის თარიღი ეგზემპლარის მიმდევრობითი ნომერი (კეტერი?) ფასის ძალაში შესვლის თარიღი ეგზემპლარის სახეობა საჯარო შენიშვნა
          ბათუმის შოთა რუსთაველის სახელმწიფო უნივერსიტეტის მთავარი ბიბლიოთეკა ბათუმის შოთა რუსთაველის სახელმწიფო უნივერსიტეტის მთავარი ბიბლიოთეკა წიგნსაცავი 2018-12-17 38.00 343.9(075.8) გ-12 47337 2018-12-17 47337 2018-12-17 წიგნი 38.00
          ბათუმის შოთა რუსთაველის სახელმწიფო უნივერსიტეტის მთავარი ბიბლიოთეკა ბათუმის შოთა რუსთაველის სახელმწიფო უნივერსიტეტის მთავარი ბიბლიოთეკა წიგნსაცავი 2018-12-17 38.00 343.9(075.8) გ-12 47338 2018-12-17 47338 2018-12-17 წიგნი 38.00